[Event "4NCL/Div1/SLOS1 vs. GUI2"]
[Site "Birmingham ENG"]
[Date "2007.11.10"]
[Round "3.2"]
[White "Kosten, Anthony C"]
[Black "Rendle, Thomas E"]
[Result "1/2-1/2"]
[WhiteElo "2519"]
[BlackElo "2397"]
[PlyCount "98"]
[EventDate "2007.11.10"]
[EventType "team"]
[EventRounds "11"]
[EventCountry "ENG"]
[SourceDate "2007.09.15"]

1. c4 f5 2. Nc3 Nf6 3. g3 d6 4. Bg2 g6 5. d3 Bg7 6. e4 Nc6 7. Nge2 O-O 8. h3 e5
9. Bg5 h6 10. Be3 Ne7 11. Qd2 Kh7 12. d4 exd4 13. Nxd4 fxe4 14. Nxe4 Nf5 15.
Nxf5 Nxe4 16. Bxe4 Bxf5 17. Bxf5 Rxf5 18. f4 Qe8 19. O-O Qe4 20. g4 Rf7 21. f5
gxf5 22. Rf4 Qe6 23. Raf1 Raf8 24. Qf2 Be5 25. Rf3 f4 26. Qc2+ Qg6 27. Qxg6+
Kxg6 28. Bc1 Kg5 29. Kg2 a6 30. a4 c5 31. Rb3 h5 32. gxh5 Kxh5 33. Kf3 Rg8 34.
Ke4 Rg2 35. Rbf3 Re7 36. Bxf4 Bxf4+ 37. Kxf4 Rxb2 38. Rd1 Rf7+ 39. Kg3 Rg7+ 40.
Kf4 Rf7+ 41. Kg3 Rxf3+ 42. Kxf3 Rc2 43. Rxd6 Rc3+ 44. Ke2 Rxc4 45. a5 Kh4 46.
Rb6 Ra4 47. Rxb7 Kxh3 48. Rc7 Rxa5 49. Kd3 Rb5 1/2-1/2

[Event "4NCL/Div1/SLOS1 vs. GUI2"]
[Site "Birmingham ENG"]
[Date "2007.11.10"]
[Round "3.4"]
[White "Buckley, Graeme"]
[Black "Kahar, Krunal"]
[Result "1-0"]
[WhiteElo "2378"]
[BlackElo "2197"]
[PlyCount "165"]
[EventDate "2007.11.10"]
[EventType "team"]
[EventRounds "11"]
[EventCountry "ENG"]
[SourceDate "2007.09.15"]

1. d4 d5 2. c4 c6 3. Nf3 Nf6 4. Nc3 e6 5. e3 Be7 6. Bd3 Nbd7 7. O-O O-O 8. e4
dxe4 9. Nxe4 Nxe4 10. Bxe4 Nf6 11. Bc2 c5 12. Qe2 Qc7 13. dxc5 Qxc5 14. Bg5 Rd8
15. Ne5 h6 16. Bf4 b6 17. Rfe1 Bb7 18. Rac1 Rac8 19. Bb1 Qd4 20. Nxf7 Rf8 21.
Be5 Qg4 22. Qxg4 Nxg4 23. Nd6 Nxe5 24. Nxc8 Nf3+ 25. gxf3 Bxc8 26. Be4 Bc5 27.
Red1 g5 28. Rd3 e5 29. Rcd1 Bd4 30. b4 Rd8 31. Kg2 Be6 32. c5 bxc5 33. bxc5 Rc8
34. c6 Bxa2 35. Rxd4 exd4 36. Rxd4 Be6 37. Ra4 Rc7 38. Rb4 a5 39. Rb7 Rf7 40.
c7 Kg7 41. Bc2 Bc8 42. Ra7 Kf6 43. f4 gxf4 44. Kf3 Ke5 45. Bg6 Rd7 46. Rxa5+
Kf6 47. Be4 Rxc7 48. Kxf4 Rc3 49. f3 Rc4 50. Ra7 Rc5 51. h4 Bf5 52. Ra6+ Be6
53. Kg3 Kf7 54. Ra7+ Kf6 55. Rh7 h5 56. Rh6+ Kf7 57. Rg6 Bb3 58. Rg5 Rc3 59.
Rxh5 Bc2 60. Bd5+ Kg6 61. Rg5+ Kf6 62. Rg4 Bg6 63. Rb4 Rc1 64. Rb6+ Kg7 65. Be6
Rg1+ 66. Kf4 Ra1 67. Rb5 Kf6 68. Bg4 Ra4+ 69. Kg3 Bd3 70. Rb6+ Kg7 71. h5 Be2
72. Rb2 Bd3 73. Rd2 Bb1 74. Rd5 Ba2 75. Rc5 Bb3 76. f4 Bf7 77. Bf3 Be6 78. Rc7+
Kg8 79. Bd1 Ra1 80. Be2 Ra2 81. Bb5 Bf7 82. h6 Rb2 83. Bd3 1-0

[Event "4NCL/Div1/SLOS1 vs. GUI2"]
[Site "Birmingham ENG"]
[Date "2007.11.10"]
[Round "3.5"]
[White "Van Weersal, Arlette"]
[Black "Shepley, Julien M (reserve)"]
[Result "1/2-1/2"]
[WhiteElo "2174"]
[BlackElo "2110"]
[Annotator "Armstrong,Malcolm"]
[PlyCount "110"]
[EventDate "2007.11.10"]
[EventType "team"]
[EventRounds "11"]
[EventCountry "ENG"]
[SourceDate "2007.09.15"]

1. e4 d5 2. exd5 Qxd5 3. Nc3 Qd6 4. d4 Nf6 5. h3 a6 6. Be3 Bf5 7. Qf3 Bc8 8.
Bc4 Nc6 9. Nge2 e6 10. Rd1 Qb4 11. Bb3 Bd6 12. O-O Qa5 13. Nf4 h5 14. d5 Ne5
15. Qg3 Rh7 16. dxe6 h4 17. exf7+ Kf8 18. Qh2 Bf5 19. Ncd5 Be4 20. Nxc7 Bxc7
21. Ne6+ Ke7 22. Nxc7 Qxc7 23. Bf4 Rh5 24. Rfe1 Rf5 25. Bd2 Qc5 26. Be3 Qc6 27.
Rd4 Kf8 28. f3 Bxf3 29. Rxh4 Nxf7 30. gxf3 Re8 31. Qg2 Nh5 32. Rc4 Qd7 33. Rd4
Qxd4 34. Bxd4 Rxe1+ 35. Kh2 Rg5 36. Qf2 Re8 37. h4 Rg6 38. c3 Nf4 39. Bc5+ Kg8
40. Bc4 Rg2+ 41. Qxg2 Nxg2 42. Kxg2 Rc8 43. Bxf7+ Kxf7 44. Bd4 Re8 45. Kf2 Rh8
46. Kg3 Re8 47. Kf2 Rh8 48. Kg3 Kg6 49. a4 Re8 50. a5 Re6 51. Kg4 Re2 52. b4
Rg2+ 53. Kh3 Rc2 54. Kg4 Rg2+ 55. Kh3 Rc2 1/2-1/2

[Event "4NCL/Div1/SLOS1 vs. GUI2"]
[Site "Birmingham ENG"]
[Date "2007.11.10"]
[Round "3.6"]
[White "Povah, Nigel E"]
[Black "Muter, Donny"]
[Result "0-1"]
[WhiteElo "2353"]
[BlackElo "2212"]
[PlyCount "102"]
[EventDate "2007.11.10"]
[EventType "team"]
[EventRounds "11"]
[EventCountry "ENG"]
[SourceDate "2007.09.15"]

1. d4 d5 2. Bg5 f6 3. Bf4 g5 4. Bg3 h5 5. h3 c5 6. Nc3 Nc6 7. e3 cxd4 8. exd4
Bf5 9. Be2 Bg6 10. Bd3 Bf7 11. Nf3 Nh6 12. Nb5 Rc8 13. c3 Bg7 14. O-O O-O 15.
Re1 Qd7 16. Qb1 a6 17. Na3 Be6 18. Nc2 Bf5 19. Ne3 e6 20. h4 g4 21. Nd2 Ne7 22.
Nb3 b6 23. Nxf5 Nhxf5 24. Bxa6 Ra8 25. Bd3 Nxg3 26. fxg3 e5 27. Nd2 e4 28. Bc2
Nf5 29. Nf1 Rad8 30. Bb3 Kh8 31. Qc2 Bh6 32. Qf2 Ne7 33. Ne3 f5 34. Rf1 Qd6 35.
Rae1 f4 36. gxf4 Bxf4 37. Qe2 Bh2+ 38. Kh1 Qg3 39. Rxf8+ Rxf8 40. Rf1 Qxh4 41.
Rxf8+ Kg7 42. g3 Bxg3+ 43. Kg1 Kxf8 44. Bxd5 Bf4 45. Bxe4 Qg3+ 46. Ng2 Kg7 47.
c4 Bg5 48. Qf2 Qd6 49. d5 Qe5 50. Bd3 h4 51. Nxh4 Be3 0-1

[Event "4NCL/Div1/SLOS1 vs. GUI2"]
[Site "Birmingham ENG"]
[Date "2007.11.10"]
[Round "3.7"]
[White "Kafka, Graeme"]
[Black "Thompson, Ian D"]
[Result "1/2-1/2"]
[WhiteElo "2103"]
[BlackElo "2309"]
[PlyCount "83"]
[EventDate "2007.11.10"]
[EventType "team"]
[EventRounds "11"]
[EventCountry "ENG"]
[SourceDate "2007.09.15"]

1. e4 e6 2. d4 d5 3. e5 c5 4. c3 Nc6 5. Nf3 Qb6 6. a3 Nh6 7. b4 cxd4 8. cxd4
Nf5 9. Bb2 Be7 10. Bd3 a5 11. Qa4 O-O 12. b5 Na7 13. Nc3 Nh4 14. Nxh4 Bxh4 15.
Qd1 Bd7 16. O-O Be7 17. a4 Nc8 18. Ba3 Bb4 19. Bxb4 axb4 20. Na2 b3 21. Nc3 f6
22. exf6 Rxf6 23. Ne2 b2 24. Ra2 Qd6 25. Qb3 Ra5 26. Qxb2 Nb6 27. Qc2 Rh6 28.
Ng3 e5 29. dxe5 Qxe5 30. Qe2 Qxe2 31. Nxe2 Rxa4 32. Rxa4 Nxa4 33. Rc1 Nb2 34.
Rc7 Rd6 35. Bb1 Bxb5 36. Rxb7 Bxe2 37. Rxb2 Bc4 38. f3 d4 39. Kf2 Kf7 40. Ba2
Bxa2 41. Rxa2 Kf6 42. Ke2 1/2-1/2

[Event "4NCL/Div1/SLOS1 vs. GUI2"]
[Site "Birmingham ENG"]
[Date "2007.11.10"]
[Round "3.8"]
[White "Sandu, Mihaela"]
[Black "Armstrong, Malcolm"]
[Result "1-0"]
[WhiteElo "2266"]
[BlackElo "2118"]
[PlyCount "67"]
[EventDate "2007.11.10"]
[EventType "team"]
[EventRounds "11"]
[EventCountry "ENG"]
[SourceDate "2007.09.15"]

1. e4 e6 2. d4 d5 3. Nc3 Nf6 4. Bg5 Be7 5. e5 Nfd7 6. h4 a6 7. f4 c5 8. Nf3 Nc6
9. Bxe7 Qxe7 10. Qd2 cxd4 11. Nxd4 Nxd4 12. Qxd4 f6 13. exf6 Qxf6 14. O-O-O O-O
15. g3 Qxd4 16. Rxd4 Nf6 17. Bh3 Nh5 18. Rd3 g6 19. Re1 Ng7 20. Na4 Kf7 21. Nb6
Rb8 22. Rc3 h5 23. Rc7+ Kf6 24. Re3 d4 25. Re5 Nf5 26. Bxf5 gxf5 27. Rec5 Rg8
28. Nxc8 Rxg3 29. Rh7 Rg4 30. Rh6+ Kg7 31. Rxe6 Kf7 32. Rd6 Rxf4 33. Rc7+ Ke8
34. Re7+ 1-0

[Event "4NCL/Div1/BAR1 vs. AD"]
[Site "Birmingham ENG"]
[Date "2007.11.10"]
[Round "3.1"]
[White "Parker, Jonathan"]
[Black "Speelman, Jonathan S"]
[Result "1-0"]
[WhiteElo "2527"]
[BlackElo "2498"]
[PlyCount "55"]
[EventDate "2007.11.10"]
[EventType "team"]
[EventRounds "11"]
[EventCountry "ENG"]
[SourceDate "2007.09.15"]

1. d4 Nf6 2. c4 e6 3. Nc3 Bb4 4. e3 O-O 5. Bd3 d5 6. Nge2 b6 7. O-O dxc4 8.
Bxc4 Bb7 9. a3 Be7 10. b4 Nbd7 11. Qb3 a6 12. Rd1 Bd6 13. h3 Qe7 14. Bb2 e5 15.
dxe5 Bxe5 16. Rac1 c6 17. Nd4 g6 18. Nf3 Bc7 19. Be2 Rfe8 20. Nd5 Nxd5 21. Rxd5
Nf6 22. Rd4 c5 23. Rh4 Ne4 24. Bc4 Nd2 25. Nxd2 Qxh4 26. Bxf7+ Kf8 27. Bxe8
Rxe8 28. bxc5 1-0

[Event "4NCL/Div1/BAR1 vs. AD"]
[Site "Birmingham ENG"]
[Date "2007.11.10"]
[Round "3.2"]
[White "Davies, Nigel R"]
[Black "D'Costa, Lorin A R"]
[Result "1-0"]
[WhiteElo "2476"]
[BlackElo "2395"]
[PlyCount "35"]
[EventDate "2007.11.10"]
[EventType "team"]
[EventRounds "11"]
[EventCountry "ENG"]
[SourceDate "2007.09.15"]

1. Nf3 c5 2. e4 d6 3. c3 Nf6 4. d3 Nc6 5. g3 g6 6. Bg2 Bg7 7. O-O O-O 8. Re1 e5
9. Nbd2 d5 10. exd5 Nxd5 11. Nc4 Re8 12. Ng5 Rf8 13. Qb3 Nde7 14. f4 exf4 15.
Bxf4 Nd5 16. Nxf7 Rxf7 17. Nd6 c4 18. Qxc4 1-0

[Event "4NCL/Div1/BAR1 vs. AD"]
[Site "Birmingham ENG"]
[Date "2007.11.10"]
[Round "3.3"]
[White "Knott, Simon"]
[Black "Smerdon, David"]
[Result "1-0"]
[WhiteElo "2366"]
[BlackElo "2466"]
[PlyCount "89"]
[EventDate "2007.11.10"]
[EventType "team"]
[EventRounds "11"]
[EventCountry "ENG"]
[SourceDate "2007.09.15"]

1. Nf3 Nf6 2. c4 e6 3. Nc3 d5 4. d4 Bb4 5. cxd5 exd5 6. Bg5 c5 7. e3 O-O 8. Be2
Nbd7 9. O-O Qa5 10. Qc2 Re8 11. Rfc1 Bxc3 12. Qxc3 Qxc3 13. bxc3 Ne4 14. a4 c4
15. Bf4 Ndf6 16. h3 Re6 17. Ne5 Rb6 18. Rc2 Rb3 19. Rac1 g5 20. Bh2 h5 21. f3
Nd6 22. e4 Be6 23. Nd7 Bxd7 24. Bxd6 Bxa4 25. Ra2 Bc6 26. e5 Nh7 27. f4 gxf4
28. Bxh5 a5 29. Rf2 a4 30. Rxf4 Be8 31. Rg4+ Kh8 32. Rf1 a3 33. Bxf7 Bxf7 34.
Rxf7 a2 35. e6 a1=Q+ 36. Kh2 Qe1 37. Be5+ Qxe5+ 38. dxe5 Re8 39. e7 Rb6 40. Rh4
Kg8 41. Rfxh7 Re6 42. Rh8+ Kf7 43. R4h7+ Kg6 44. Rh6+ Kf7 45. Rf8+ 1-0

[Event "4NCL/Div1/BAR1 vs. AD"]
[Site "Birmingham ENG"]
[Date "2007.11.10"]
[Round "3.4"]
[White "Cernousek, Lukas"]
[Black "Palliser, Richard"]
[Result "1-0"]
[WhiteElo "2405"]
[BlackElo "2417"]
[PlyCount "85"]
[EventDate "2007.11.10"]
[EventType "team"]
[EventRounds "11"]
[EventCountry "ENG"]
[SourceDate "2007.09.15"]

1. d4 Nf6 2. c4 c5 3. d5 e5 4. Nc3 d6 5. e4 Nbd7 6. g3 a6 7. a4 g6 8. h4 Bg7 9.
Bg5 h6 10. Bd2 Rb8 11. Be2 h5 12. Nh3 Nf8 13. Ng5 Ng4 14. Qc2 Bd7 15. a5 f6 16.
Nh3 Bh6 17. f4 b6 18. axb6 Qxb6 19. Nd1 Bc8 20. Ra3 Qd8 21. Nhf2 Nxf2 22. Nxf2
Qe7 23. O-O Nd7 24. Nd3 exf4 25. gxf4 f5 26. Nf2 O-O 27. Rg3 Nf6 28. Rxg6+ Kh7
29. exf5 Bd7 30. Bxh5 Be8 31. Ng4 Bg7 32. Re1 Qxe1+ 33. Bxe1 Nxh5 34. Rxg7+
Nxg7 35. Bc3 Nxf5 36. Nf6+ Rxf6 37. Bxf6 Bd7 38. Kf2 Re8 39. Bc3 Re3 40. Qd1
Rg3 41. Qh5+ Kg8 42. Qh8+ Kf7 43. Qd8 1-0

[Event "4NCL/Div1/BAR1 vs. AD"]
[Site "Birmingham ENG"]
[Date "2007.11.10"]
[Round "3.5"]
[White "Ferguson, Mark"]
[Black "Jirka, Jiri"]
[Result "1/2-1/2"]
[WhiteElo "2413"]
[BlackElo "2385"]
[PlyCount "148"]
[EventDate "2007.11.10"]
[EventType "team"]
[EventRounds "11"]
[EventCountry "ENG"]
[SourceDate "2007.09.15"]

1. e4 e5 2. Nf3 Nc6 3. Bc4 Nf6 4. d3 Bc5 5. c3 d6 6. Bb3 a6 7. O-O O-O 8. h3
Ba7 9. Re1 Ne7 10. Nbd2 Ng6 11. Nf1 Nh5 12. Bg5 Qe8 13. Nh4 Ngf4 14. Nf5 Bxf5
15. exf5 Qc6 16. Bxf4 Nxf4 17. Re4 g6 18. Ng3 Kh8 19. Qf3 gxf5 20. Nxf5 Qd7 21.
Rxf4 exf4 22. Qxf4 Rae8 23. d4 f6 24. Bc2 d5 25. Qh6 Qf7 26. Nh4 Rg8 27. Rd1 c6
28. g4 Bb8 29. Bf5 Rg5 30. Nf3 Rg7 31. Kg2 Qf8 32. Kf1 Qd6 33. Rd3 Rf8 34. Re3
Qf4 35. Qh5 Bd6 36. Kg2 Bc7 37. Re8 Qd6 38. Re6 Qf4 39. Re8 Qd6 40. Re6 Qd8 41.
Qh6 Rff7 42. Nh4 Kg8 43. Qe3 Kf8 44. Qh6 Kg8 45. Qe3 Re7 46. Rxe7 Rxe7 47. Be6+
Kh8 48. Nf5 Bf4 49. Qxf4 Rxe6 50. Qh6 Qg8 51. Qf4 Qf7 52. Qb8+ Re8 53. Qf4 Re4
54. Qb8+ Re8 55. Qf4 Rf8 56. Qh6 Rg8 57. Qf4 Qe6 58. Kf1 Qe4 59. Qh6 Qd3+ 60.
Ke1 Re8+ 61. Ne3 Qg6 62. Qf4 Kg8 63. Kd2 Qb1 64. Qxf6 Qxb2+ 65. Nc2 Qb1 66.
Qg5+ Kf7 67. Qf5+ Ke7 68. Qxh7+ Kd8 69. Qf7 Qf1 70. Ne3 Qb1 71. Nc2 Qb5 72. Ne3
Qb2+ 73. Nc2 Qb5 74. Ne3 Qb2+ 1/2-1/2

[Event "4NCL/Div1/BAR1 vs. AD"]
[Site "Birmingham ENG"]
[Date "2007.11.10"]
[Round "3.6"]
[White "Snape, Ian"]
[Black "Cox, John J"]
[Result "0-1"]
[WhiteElo "2229"]
[BlackElo "2386"]
[PlyCount "94"]
[EventDate "2007.11.10"]
[EventType "team"]
[EventRounds "11"]
[EventCountry "ENG"]
[SourceDate "2007.09.15"]

1. e4 e5 2. f4 Bc5 3. Nf3 d6 4. c3 Bg4 5. h3 Bxf3 6. Qxf3 Nd7 7. Bc4 Ngf6 8. b4
Bb6 9. f5 a5 10. Bb2 O-O 11. d3 d5 12. Bb3 Qe7 13. a3 d4 14. Nd2 dxc3 15. Bxc3
axb4 16. Bxb4 Bc5 17. Rb1 Rfd8 18. g4 Ne8 19. h4 Kh8 20. g5 Bxb4 21. axb4 Qxb4
22. Bxf7 Qd4 23. Ke2 Nc5 24. Bc4 Nd6 25. Nb3 Ra2+ 26. Kf1 Nxb3 27. Bxb3 Rb2 28.
Rxb2 Qxb2 29. Bd1 Qd2 30. Be2 Nb5 31. Kf2 Nd4 32. Qe3 Qb2 33. Rd1 Ra8 34. Qd2
Ra2 35. Qxb2 Rxb2 36. Re1 b5 37. Kf1 Kg8 38. Bh5 b4 39. Ra1 g6 40. fxg6 hxg6
41. Bxg6 b3 42. Ra8+ Kg7 43. Bh5 Rh2 44. Kg1 Ra2 45. Rd8 b2 46. Rd7+ Kf8 47.
Rf7+ Kg8 0-1

[Event "4NCL/Div1/BAR1 vs. AD"]
[Site "Birmingham ENG"]
[Date "2007.11.10"]
[Round "3.7"]
[White "Collins, Sam"]
[Black "Wheeler, Darren P"]
[Result "1/2-1/2"]
[WhiteElo "2401"]
[BlackElo "2237"]
[PlyCount "94"]
[EventDate "2007.11.10"]
[EventType "team"]
[EventRounds "11"]
[EventCountry "ENG"]
[SourceDate "2007.09.15"]

1. Nf3 d5 2. d4 e6 3. c4 c5 4. cxd5 exd5 5. g3 Nc6 6. Bg2 Nf6 7. O-O Be7 8. b3
Ne4 9. Bb2 Bf6 10. Nbd2 O-O 11. Nxe4 dxe4 12. Nd2 Bxd4 13. Bxd4 Nxd4 14. Nxe4
Qe7 15. e3 Ne6 16. Qd6 Qxd6 17. Nxd6 Rb8 18. f4 b6 19. Rfd1 Ba6 20. f5 Nc7 21.
Bc6 Rfd8 22. a4 Kf8 23. Kf2 Ke7 24. Nb5 Bxb5 25. axb5 a5 26. bxa6 Rxd1 27. Rxd1
Nxa6 28. Rd7+ Kf6 29. Bd5 Kxf5 30. Rxf7+ Kg6 31. Rf4 h5 32. Bf7+ Kh6 33. e4 Nb4
34. Ke2 Nc6 35. Bd5 Ne7 36. Bc4 b5 37. Bd3 Nc6 38. Ke3 Nd4 39. b4 Ne6 40. Rf5
cxb4 41. Be2 g6 42. Rxb5 Rxb5 43. Bxb5 Kg5 44. e5 Kf5 45. Bd3+ Kxe5 46. Bxg6
Ng7 47. Kd3 Kf6 1/2-1/2

[Event "4NCL/Div1/BAR1 vs. AD"]
[Site "Birmingham ENG"]
[Date "2007.11.10"]
[Round "3.8"]
[White "Bellin, Jana"]
[Black "Bhatia, Kanwal K"]
[Result "1/2-1/2"]
[WhiteElo "2169"]
[BlackElo "2047"]
[PlyCount "94"]
[EventDate "2007.11.10"]
[EventType "team"]
[EventRounds "11"]
[EventCountry "ENG"]
[SourceDate "2007.09.15"]

1. d4 Nf6 2. Nf3 c5 3. e3 b6 4. Bd3 Bb7 5. Nbd2 g6 6. c3 Bg7 7. O-O O-O 8. Re1
d6 9. e4 Nc6 10. d5 Nb8 11. c4 Nbd7 12. h3 Nh5 13. Nf1 Ne5 14. Be2 Nxf3+ 15.
Bxf3 Nf6 16. Bg5 h6 17. Bd2 a6 18. a4 Qd7 19. Rb1 b5 20. b3 b4 21. Qc1 Kh7 22.
Bd1 Qc7 23. f4 Bc8 24. Nh2 e6 25. Bc2 Bd7 26. Bd3 Ne8 27. Nf3 e5 28. fxe5 dxe5
29. Qc2 a5 30. Re2 f5 31. Rbe1 f4 32. Bc1 Ra6 33. Bb2 Bf6 34. Qd1 Ng7 35. Qa1
Re8 36. Rd2 Qd6 37. Be2 Nh5 38. Nh2 Ng3 39. Bg4 h5 40. Bxd7 Qxd7 41. Nf1 h4 42.
Nh2 Bg7 43. Ng4 Qd6 44. Rd3 Ra7 45. Rf3 Rf7 46. Kh2 Rff8 47. Kg1 Rf7 1/2-1/2

[Event "4NCL/Div1/NWE1 vs. WGR"]
[Site "Birmingham ENG"]
[Date "2007.11.10"]
[Round "3.1"]
[White "Macak, Stefan"]
[Black "Cramling, Pia"]
[Result "1/2-1/2"]
[WhiteElo "2384"]
[BlackElo "2531"]
[PlyCount "200"]
[EventDate "2007.11.10"]
[EventType "team"]
[EventRounds "11"]
[EventCountry "ENG"]
[SourceDate "2007.09.15"]

1. e4 c5 2. Nf3 e6 3. d4 cxd4 4. Nxd4 Nc6 5. Nb5 d6 6. c4 Nf6 7. N1c3 a6 8. Na3
Be7 9. Be2 b6 10. O-O Ne5 11. f4 Ned7 12. Bf3 Bb7 13. Qe2 O-O 14. Be3 Rc8 15.
Rac1 h6 16. Nab1 Qc7 17. Nd2 Rfe8 18. a3 Qb8 19. b4 Bd8 20. Bf2 Nh7 21. Rfd1
Nhf8 22. Kh1 Bc7 23. Qd3 Ng6 24. g3 Qa8 25. Kg2 Red8 26. Qe2 d5 27. exd5 Bxf4
28. dxe6 Bxd2 29. exf7+ Kxf7 30. Rxd2 Bxf3+ 31. Qxf3+ Qxf3+ 32. Kxf3 Nde5+ 33.
Ke2 Rxd2+ 34. Kxd2 Nxc4+ 35. Ke2 Re8+ 36. Kf1 Nge5 37. b5 Ra8 38. bxa6 Rxa6 39.
Nd5 b5 40. Rc3 Rxa3 41. Rxa3 Nxa3 42. Bc5 Nac4 43. Ke2 Nd7 44. Bb4 Nce5 45. Be1
Nc6 46. h3 Nf6 47. Ne3 Ke6 48. g4 Ne7 49. Bc3 g6 50. h4 Ned5 51. Nxd5 Nxd5 52.
Bd2 h5 53. gxh5 gxh5 54. Kd3 Ke5 55. Bg5 Nf6 56. Kc2 Ne4 57. Bd8 Nd6 58. Kb3
Nf7 59. Be7 Ke6 60. Bc5 Kd5 61. Be7 Ne5 62. Bd8 Ke4 63. Bg5 Nf3 64. Bf6 Kf5 65.
Bd8 Nd4+ 66. Kc3 Nc6 67. Bg5 Ke4 68. Kb3 Kd5 69. Be3 Ne5 70. Bg5 Nf3 71. Bf6
Ke6 72. Bd8 Nd4+ 73. Kc3 Kd5 74. Bg5 Nf5 75. Kb4 Kc6 76. Bd8 Ne3 77. Bg5 Nd5+
78. Kb3 Kc5 79. Bd2 Kd4 80. Bg5 Ke4 81. Bd8 Kf4 82. Bg5+ Kf5 83. Bd8 Kg4 84.
Ka3 Kf5 85. Kb3 Ke5 86. Bg5 Kd4 87. Bd8 Kc5 88. Bg5 Nb6 89. Be3+ Kc6 90. Bd4
Nd5 91. Bf2 Kd6 92. Be1 Ne3 93. Bd2 Nf5 94. Bg5 Kc5 95. Bd8 Nd4+ 96. Kc3 b4+
97. Kb2 Kc4 98. Bf6 Nb5 99. Bg7 Nc7 100. Be5 Nd5 1/2-1/2

[Event "4NCL/Div1/NWE1 vs. WGR"]
[Site "Birmingham ENG"]
[Date "2007.11.10"]
[Round "3.2"]
[White "Turner, Matthew J"]
[Black "Quillan, Gary"]
[Result "1-0"]
[WhiteElo "2484"]
[BlackElo "2359"]
[PlyCount "61"]
[EventDate "2007.11.10"]
[EventType "team"]
[EventRounds "11"]
[EventCountry "ENG"]
[SourceDate "2007.09.15"]

1. d4 e6 2. e4 d5 3. Nc3 Bb4 4. Nge2 dxe4 5. a3 Bxc3+ 6. Nxc3 Nc6 7. Bb5 Nge7
8. Bg5 f6 9. Be3 O-O 10. Qd2 f5 11. O-O-O Nd5 12. Nxd5 exd5 13. Bxc6 bxc6 14.
Bf4 Be6 15. h4 Rb8 16. Qa5 Rb7 17. Qa6 Bc8 18. Qa5 Be6 19. Rh3 Qe7 20. Rdh1
Rfb8 21. b4 Qf6 22. c3 Re8 23. Rg3 Bc8 24. Kb2 a6 25. Ka2 Qe6 26. Rhh3 Re7 27.
Rg5 c5 28. Rhg3 Bd7 29. Qxc5 Rb5 30. Qxc7 Be8 31. Rxg7+ 1-0

[Event "4NCL/Div1/NWE1 vs. WGR"]
[Site "Birmingham ENG"]
[Date "2007.11.10"]
[Round "3.3"]
[White "Hennigan, Michael T"]
[Black "Martin, Andrew D"]
[Result "1/2-1/2"]
[WhiteElo "2380"]
[BlackElo "2425"]
[PlyCount "78"]
[EventDate "2007.11.10"]
[EventType "team"]
[EventRounds "11"]
[EventCountry "ENG"]
[SourceDate "2007.09.15"]

1. g3 d5 2. Bg2 Nf6 3. d3 g6 4. Nf3 Bg7 5. O-O O-O 6. Nc3 d4 7. Nb5 c5 8. c4 a6
9. Na3 Nc6 10. Nc2 e5 11. b4 e4 12. Ng5 exd3 13. exd3 cxb4 14. Rb1 Bg4 15. Qd2
a5 16. a3 Re8 17. f3 Bf5 18. g4 Bd7 19. axb4 axb4 20. Nxb4 Nxb4 21. Qxb4 Bc6
22. Qb2 Nd7 23. f4 Nc5 24. Bxc6 bxc6 25. Qg2 Nxd3 26. Qxc6 Qc8 27. Qxc8 Raxc8
28. Rb3 Nc5 29. Ra3 h6 30. Nf3 Ne4 31. Ne5 g5 32. Ra4 Rc7 33. Nd3 Nc3 34. Rb4
Bf8 35. c5 Bxc5 36. Rc4 Bd6 37. Rxc7 Bxc7 38. fxg5 hxg5 39. Bxg5 Re2 1/2-1/2

[Event "4NCL/Div1/NWE1 vs. WGR"]
[Site "Birmingham ENG"]
[Date "2007.11.10"]
[Round "3.4"]
[White "Sowray, Peter J"]
[Black "Morrison, Graham"]
[Result "1/2-1/2"]
[WhiteElo "2346"]
[BlackElo "2322"]
[PlyCount "64"]
[EventDate "2007.11.10"]
[EventType "team"]
[EventRounds "11"]
[EventCountry "ENG"]
[SourceDate "2007.09.15"]

1. d4 Nf6 2. c4 e6 3. Nc3 Bb4 4. Qc2 c5 5. dxc5 O-O 6. Nf3 Na6 7. a3 Bxc3+ 8.
Qxc3 Nxc5 9. b4 Nce4 10. Qd4 d6 11. Nd2 e5 12. Qe3 Nxd2 13. Qxd2 Be6 14. e3 Rc8
15. Bb2 Bxc4 16. Bxc4 Rxc4 17. Rd1 Qe7 18. Qxd6 Qxd6 19. Rxd6 Ne4 20. Rd7 Rc2
21. f3 Rxb2 22. fxe4 Rxg2 23. Rf1 Rc8 24. Rf2 Rxf2 25. Kxf2 Rb8 26. b5 Kf8 27.
a4 Ke8 28. Rc7 Rd8 29. Rxb7 Rd7 30. Rb8+ Rd8 31. Rb7 Rd7 32. Rb8+ Rd8 1/2-1/2

[Event "4NCL/Div1/NWE1 vs. WGR"]
[Site "Birmingham ENG"]
[Date "2007.11.10"]
[Round "3.5"]
[White "Carleton, John J"]
[Black "Tiller, Bjorn"]
[Result "0-1"]
[WhiteElo "2322"]
[BlackElo "2389"]
[PlyCount "106"]
[EventDate "2007.11.10"]
[EventType "team"]
[EventRounds "11"]
[EventCountry "ENG"]
[SourceDate "2007.09.15"]

1. d4 g6 2. c4 Bg7 3. Nc3 d6 4. e4 e5 5. Nf3 Nc6 6. Bg5 f6 7. Be3 Nh6 8. h3 O-O
9. Be2 f5 10. Bxh6 Bxh6 11. dxe5 dxe5 12. Qxd8 Rxd8 13. O-O Bg7 14. c5 Nd4 15.
Bc4+ Be6 16. Nd2 Kf7 17. Rad1 Rd7 18. Bxe6+ Kxe6 19. Nc4 Rad8 20. exf5+ gxf5
21. Rde1 Nc6 22. f4 e4 23. g4 Bxc3 24. bxc3 Rd3 25. Ne3 Ne7 26. c4 Kf6 27. Rf2
h5 28. gxf5 Rg8+ 29. Rg2 Rxg2+ 30. Kxg2 c6 31. Nf1 Nxf5 32. Rxe4 Ra3 33. Re2
Nd4 34. Rf2 h4 35. Nh2 Rg3+ 36. Kf1 Rxh3 37. Ng4+ Kf5 38. Nh6+ Kg6 39. Ng4 Rg3
40. f5+ Nxf5 41. Ne5+ Kf6 42. Nf3 Rg4 43. Nd2 h3 44. Rh2 Ne3+ 45. Kf2 Nxc4 46.
Nb3 Rh4 47. Kg3 Rh7 48. Rxh3 Rxh3+ 49. Kxh3 Ke5 50. Kg4 a5 51. Kf3 a4 52. Nc1
Kd4 53. Ke2 Kc3 0-1

[Event "4NCL/Div1/NWE1 vs. WGR"]
[Site "Birmingham ENG"]
[Date "2007.11.10"]
[Round "3.6"]
[White "Tan, Desmond"]
[Black "Hanley, James"]
[Result "1/2-1/2"]
[WhiteElo "2329"]
[BlackElo "2248"]
[PlyCount "48"]
[EventDate "2007.11.10"]
[EventType "team"]
[EventRounds "11"]
[EventCountry "ENG"]
[SourceDate "2007.09.15"]

1. e4 c5 2. Nc3 Nc6 3. Bb5 Nd4 4. Bc4 a6 5. Nf3 e6 6. Nxd4 cxd4 7. Ne2 b5 8.
Bb3 Bb7 9. d3 Bc5 10. O-O Ne7 11. Ng3 O-O 12. Qh5 Rc8 13. f4 g6 14. Qh4 f5 15.
exf5 Nxf5 16. Nxf5 gxf5 17. Qxd8 Rfxd8 18. Bd2 Kf7 19. Kf2 Rg8 20. Rg1 Rg6 21.
Rae1 h5 22. g3 Be7 23. h4 Rcg8 24. Ba5 Rc8 1/2-1/2

[Event "4NCL/Div1/NWE1 vs. WGR"]
[Site "Birmingham ENG"]
[Date "2007.11.10"]
[Round "3.7"]
[White "Kennaugh, Charles W"]
[Black "Hegarty, Sarah"]
[Result "0-1"]
[WhiteElo "2294"]
[BlackElo "1967"]
[PlyCount "48"]
[EventDate "2007.11.10"]
[EventType "team"]
[EventRounds "11"]
[EventCountry "ENG"]
[SourceDate "2007.09.15"]

1. e4 c5 2. Nf3 Nc6 3. d4 cxd4 4. Nxd4 g6 5. c4 Bg7 6. Be3 Nf6 7. Nc3 Ng4 8.
Qxg4 Nxd4 9. Qd1 e5 10. Nb5 O-O 11. Qd2 Qe7 12. f3 Nxb5 13. cxb5 Rd8 14. Bc4 d5
15. exd5 Qh4+ 16. g3 Qxc4 17. d6 Qxb5 18. Rc1 Be6 19. h4 Qd5 20. Qf2 Qxd6 21.
h5 Rac8 22. Ra1 Qd3 23. Rh2 Bf8 24. a3 Bb3 0-1

[Event "4NCL/Div1/BET vs. HKF1"]
[Site "Birmingham ENG"]
[Date "2007.11.10"]
[Round "3.1"]
[White "Hunt, Adam C"]
[Black "Gordon, Stephen J"]
[Result "1-0"]
[WhiteElo "2464"]
[BlackElo "2498"]
[PlyCount "61"]
[EventDate "2007.11.10"]
[EventType "team"]
[EventRounds "11"]
[EventCountry "ENG"]
[SourceDate "2007.09.15"]

1. e4 c5 2. Nf3 d6 3. d4 cxd4 4. Nxd4 Nf6 5. Nc3 e6 6. Bc4 Na6 7. O-O Nc5 8.
Re1 Be7 9. b4 Na6 10. Bxa6 bxa6 11. Nc6 Qc7 12. Nxe7 Kxe7 13. Qd3 Bb7 14. b5
Nd7 15. bxa6 Ne5 16. Qe2 Qxc3 17. axb7 Rab8 18. Rb1 Rhd8 19. Be3 Rd7 20. Rb3
Qc6 21. Bxa7 Rbxb7 22. Bd4 Rbc7 23. c3 f6 24. f4 Nc4 25. Qh5 h6 26. Qg6 Kf8 27.
e5 dxe5 28. fxe5 fxe5 29. Rb8+ Rc8 30. Rxc8+ Qxc8 31. Qxe6 1-0

[Event "4NCL/Div1/BET vs. HKF1"]
[Site "Birmingham ENG"]
[Date "2007.11.10"]
[Round "3.2"]
[White "Houska, Jovanka"]
[Black "Pert, Richard G"]
[Result "1/2-1/2"]
[WhiteElo "2404"]
[BlackElo "2455"]
[PlyCount "30"]
[EventDate "2007.11.10"]
[EventType "team"]
[EventRounds "11"]
[EventCountry "ENG"]
[SourceDate "2007.09.15"]

1. e4 c5 2. Nf3 d6 3. Bb5+ Nd7 4. d4 Ngf6 5. O-O cxd4 6. Qxd4 g6 7. e5 dxe5 8.
Qxe5 Bg7 9. Re1 e6 10. Qd6 a6 11. Bf1 Bf8 12. Qf4 Bg7 13. Qd6 Bf8 14. Qf4 Bg7
15. Qd6 Bf8 1/2-1/2